=LDR 00000nam 2200000 4500 =001 000668 =005 20250711020910 =035 ##$$a 0010-0725000536 =007 ta =008 250711################a##########0#ind## =020 ##$$a 978-623-472-353-3 =082 ##$$a 398.209 598 =084 ##$$a 398.209 598 RAO t =100 #$$a Rao, Cheryl =245 1#$$a Tukang Cat Cilik /$c Cheryl Rao =250 ##$$a Cetakan Pertama =260 ##$$a Jakarta Timur :$b Badan Pengembangan dan Pembinaan Bahasa,$c 2024 =300 ##$$a 20 hlm. : $b ilus. ; $c 22,9 cm =650 #4$$a Cerita Anak Indonesia-Terjemahan =650 #4$$a Literasi-Bahan Bacaan =856 ##$$a TBM As Suhada =990 ##$$a TBM04430443